A multiple cause-of-death analysis of asthma mortality in the United States, 1990-2001

Saved in:  
Bibliographic Details
Authors: McCoy, Lucie (Author) ; Simon, Paul (Author) ; Sorvillo, Frank (Author) ; Redelings, Matthew (Author)
Format: Electronic Article
Language:English
Published: 2005
In: Journal of asthma
Year: 2005, Volume: 42, Issue: 9, Pages: 757-763
Online Access: Volltext (lizenzpflichtig)
Check availability: HBZ Gateway

MARC

LEADER 00000caa a22000002c 4500
001 191262799X
003 DE-627
005 20250124055013.0
007 cr uuu---uuuuu
008 241217s2005 xx |||||o 00| ||eng c
024 7 |a 10.1080/02770900500308189  |2 doi 
035 |a (DE-627)191262799X 
035 |a (DE-599)KXP191262799X 
040 |a DE-627  |b ger  |c DE-627  |e rda 
041 |a eng 
084 |a 2,1  |2 ssgn 
100 1 |a McCoy, Lucie  |e VerfasserIn  |4 aut 
245 1 2 |a A multiple cause-of-death analysis of asthma mortality in the United States, 1990-2001 
264 1 |c 2005 
336 |a Text  |b txt  |2 rdacontent 
337 |a Computermedien  |b c  |2 rdamedia 
338 |a Online-Ressource  |b cr  |2 rdacarrier 
700 1 |a Simon, Paul  |e VerfasserIn  |4 aut 
700 1 |a Sorvillo, Frank  |e VerfasserIn  |4 aut 
700 1 |a Redelings, Matthew  |e VerfasserIn  |4 aut 
773 0 8 |i Enthalten in  |t Journal of asthma  |d Philadelphia, Pa. : Taylor & Francis, 1981  |g 42(2005), 9, Seite 757-763  |h Online-Ressource  |w (DE-627)327308699  |w (DE-600)2043248-3  |w (DE-576)273866885  |x 1532-4303  |7 nnas 
773 1 8 |g volume:42  |g year:2005  |g number:9  |g pages:757-763 
787 0 8 |i Forschungsdaten  |a United States Department of Health and Human Services. National Center for Health Statistics  |t Multiple Cause of Death Public Use Files, 2000-2002  |d [Erscheinungsort nicht ermittelbar] : [Verlag nicht ermittelbar], 2007  |w (DE-627)1840057785 
787 0 8 |i Forschungsdaten  |a United States Department of Health and Human Services. National Center for Health Statistics  |t Multiple Cause of Death, 1999  |d [Erscheinungsort nicht ermittelbar] : [Verlag nicht ermittelbar], 2002  |w (DE-627)1840058145 
787 0 8 |i Forschungsdaten  |a United States Department of Health and Human Services. National Center for Health Statistics  |t Multiple Cause of Death, 1998  |d [Erscheinungsort nicht ermittelbar] : [Verlag nicht ermittelbar], 2002  |w (DE-627)1840057459 
787 0 8 |i Forschungsdaten  |a United States Department of Health and Human Services. National Center for Health Statistics  |t Multiple Cause of Death, 1997  |d [Erscheinungsort nicht ermittelbar] : [Verlag nicht ermittelbar], 2001  |w (DE-627)1840056010 
787 0 8 |i Forschungsdaten  |a United States Department of Health and Human Services. National Center for Health Statistics  |t Multiple Cause of Death, 1996  |d [Erscheinungsort nicht ermittelbar] : [Verlag nicht ermittelbar], 1999  |w (DE-627)1840055073 
787 0 8 |i Forschungsdaten  |a United States Department of Health and Human Services. National Center for Health Statistics  |t Multiple Cause of Death, 1995  |d [Erscheinungsort nicht ermittelbar] : [Verlag nicht ermittelbar], 1998  |w (DE-627)1840055278 
787 0 8 |i Forschungsdaten  |a United States Department of Health and Human Services. National Center for Health Statistics  |t Multiple Cause of Death, 1994  |d [Erscheinungsort nicht ermittelbar] : [Verlag nicht ermittelbar], 1997  |w (DE-627)1840055480 
787 0 8 |i Forschungsdaten  |a United States Department of Health and Human Services. National Center for Health Statistics  |t Multiple Cause of Death, 1993  |d [Erscheinungsort nicht ermittelbar] : [Verlag nicht ermittelbar], 1996  |w (DE-627)1840055588 
787 0 8 |i Forschungsdaten  |a United States Department of Health and Human Services. National Center for Health Statistics  |t Multiple Cause of Death, 1992  |d [Erscheinungsort nicht ermittelbar] : [Verlag nicht ermittelbar], 1995  |w (DE-627)1840055693 
787 0 8 |i Forschungsdaten  |a United States Department of Health and Human Services. National Center for Health Statistics  |t Multiple Cause of Death, 1991  |d [Erscheinungsort nicht ermittelbar] : [Verlag nicht ermittelbar], 1994  |w (DE-627)1840055235 
787 0 8 |i Forschungsdaten  |a United States Department of Health and Human Services. National Center for Health Statistics  |t Multiple Cause of Death, 1990  |d [Erscheinungsort nicht ermittelbar] : [Verlag nicht ermittelbar], 1994  |w (DE-627)1840055243 
856 4 0 |u https://doi.org/10.1080/02770900500308189  |x Resolving-System  |z lizenzpflichtig  |3 Volltext  |7 1 
935 |a mkri 
951 |a AR 
ELC |a 1 
LOK |0 000 xxxxxcx a22 zn 4500 
LOK |0 001 4637593514 
LOK |0 003 DE-627 
LOK |0 004 191262799X 
LOK |0 005 20241217044726 
LOK |0 008 241217||||||||||||||||ger||||||| 
LOK |0 035   |a (DE-2619)ICPSR87606 
LOK |0 040   |a DE-2619  |c DE-627  |d DE-2619 
LOK |0 092   |o n 
LOK |0 852   |a DE-2619 
LOK |0 852 1  |9 00 
LOK |0 935   |a nacp 
LOK |0 939   |a 17-12-24  |b l01 
ORI |a SA-MARC-krimdoka001.raw